|
|
|
|
| LEADER |
00000cam a2200000 a 4500 |
| 001 |
vtls001076361 |
| 003 |
SK-MaSNL |
| 005 |
20260302063932.0 |
| 008 |
240606s1994 xo a a 0000j slo |
| 015 |
|
|
|a SNBA1994/10
|
| 020 |
|
|
|a 8071461598
|q (viaz.)
|
| 035 |
|
|
|a SNK000019194
|
| 040 |
|
|
|a SNK
|b slo
|c SNK
|e AACR2
|
| 041 |
1 |
|
|a slo
|h spa
|
| 044 |
|
|
|a xo
|c SK
|
| 072 |
|
7 |
|a 821-93
|x Literatúra pre deti a mládež (beletria)
|2 konspekt
|
| 080 |
|
|
|a 860-3(087.5)
|2 1981
|
| 245 |
1 |
|
|a Vtáčia rodinka
|
| 260 |
|
|
|a Bratislava
|b Slovart Junior
|c 1994
|
| 300 |
|
|
|a 10 s.
|b ilus.
|c 16 cm
|
| 500 |
|
|
|a Pravdepodobne preložené zo španielčiny
|
| 655 |
|
7 |
|a príbehy pre deti
|2 SNKPH
|9 86749
|
| 655 |
|
7 |
|a literatúra pre deti
|2 SNKPH
|9 87135
|
| 655 |
|
7 |
|a leporelá
|2 SNKPH
|9 60414
|
| 852 |
|
|
|a Slovenská národná knižnica
|
| 919 |
|
|
|a 80-7146-159-8
|
| 954 |
|
|
|a beletria cudzojazyčná (svetová)
|2 lita
|
| 954 |
|
|
|a ilustrované knihy, leporelá, komiksy cudzojazyčné (svetové)
|2 lita
|
| 958 |
|
|
|a LX
|
| 958 |
|
|
|a DB
|
| 958 |
|
|
|a BQ
|
| 958 |
|
|
|a TL
|
| 958 |
|
|
|a UP
|
| 968 |
|
|
|b ESP
|
| 999 |
|
|
|c 1134898
|d 1136828
|
| 952 |
|
|
|t P60, <04>, [BOOK], {604}
|a SNK
|b SNK
|y VYP
|7 0
|p 17A0346085
|o snkSD 66594 D1
|i snkKSP 8719/94
|0 0
|1 0
|4 0
|d 2002-06-18
|l 0
|r 2004-12-31 00:00:00
|w 2026-02-24
|
| 952 |
|
|
|a SNK
|b SNK
|y PREZ
|7 0
|p 17A1051742
|o snkSD 66594
|0 0
|1 0
|4 0
|d 2013-07-17
|l 0
|r 2026-02-24 19:15:50
|w 2026-02-24
|